College Quizbowl Stats
College Quizbowl Stats
Circuits
Seasons
Sets
Records
Detailed Stats
About
Loading...
2024 ACF Winter at Ohio State
Tossups
Bonuses
Players
Teams
Categories (Tossup)
Categories (Bonus)
Alan
Case Western B
Categories
Category
Powers
Gets
Negs
BBs
Points
Earliest Buzz
Avg. Buzz
First Buzzes
Top 3 Buzzes
Science - Biology
0
2
0
1
20
83
102.50
0
1
Philosophy
0
1
0
0
10
90
90.00
0
0
Science - Physics
0
1
0
0
10
118
118.00
0
0
Fine Arts - Other Fine Arts
0
0
1
0
-5
0.00
0
0
History - European History
0
0
1
0
-5
0.00
0
0
Buzzes
Category
Answer
Value
Buzz Position
Science - Biology
tuberculosis
10
83
Philosophy
social contract
10
90
Fine Arts - Other Fine Arts
Sugar Plum Fairy
-5
95
History - European History
Sicily
-5
107
Science - Physics
heat capacity
10
118
Science - Biology
amino acids
10
122
Previous
1
Next